000 00288nam a2200097Ia 4500
008 220120s9999||||xx |||||||||||||| ||und||
100 _aAsha N and others
_912494
245 0 _aEnergy theft monitoring system
260 _aCoorg Institute of Technology
_bPonnampet
_c2014
650 _aMECHANICAL
999 _c138092
_d138092